000 00757cam a2200229 a 4500
999 _c7676
_d7676
003 OSt
005 20200317152738.0
008 060112s2006 nyua b 001 0 eng
020 _a9781568985589 (alk. paper)
040 _aDLC
_cDLC
_dDLC
082 0 0 _a721.044
_222
_bBEL
100 1 _aBell, Victoria Ballard.
245 1 0 _aMaterials for design /
_cVictoria Ballard Bell with Patrick Rand.
260 _aNew York :
_bPrinceton Architectural Press,
_cc2006.
300 _a270 p. :
_bill. (chiefly col.) ;
_c29 cm.
504 _aIncludes bibliographical references (p. 268) and index.
650 0 _aBuilding materials.
650 0 _aArchitectural design.
650 0 _aArchitecture, Modern
_y21st century.
700 1 _aRand, Patrick,
_d1950-
942 _2ddc